Star Wars planets A-Z - Statistics

General Stats
  • This quiz has been taken 118 times
  • The average score is 13 of 24
Answer Stats
Hint Answer % Correct
D Dagobah
90%
A Alderaan
88%
C Coruscant
88%
T Trandosha
82%
E Endor
81%
H Hoth
81%
K Kamino
81%
M Mandalore
79%
B Bespin
76%
N Nal Hutta
75%
G Geonosis
68%
J Jakku
64%
F Felucia
61%
Y Yavin
61%
U Umbara
55%
R Ryloth
45%
S Saleucami
37%
L Lothal
33%
I Illum
27%
O Onderon
24%
P Pabu
12%
Z Zolan
12%
V Vandor
6%
Q Quarzite
2%
No matching quizzes found
Score Distribution
Percent of People with Each Score
Percentile by Number Answered
Your Score History
You have not taken this quiz